000 00259nam a2200121Ia 4500
008 190216s9999||||xx |||||||||||||| ||und||
100 _aNull
245 0 _aHindi-Sibanja
260 _bUniversity Of Calicut
300 _a112
650 _aHindi
942 _cBK
999 _c15729
_d15729